[Event "HUN-chT2 Barcza 1617"]
[Site "Hungary"]
[Date "2017.04.09"]
[Round "11.12"]
[White "Kadar, Marton"]
[Black "Szucs, Marton Miklos"]
[Result "1-0"]
[WhiteElo "1629"]
[BlackElo "1383"]
[PlyCount "67"]
[EventDate "2016.09.25"]
[EventType "team-tourn"]
[EventRounds "11"]
[EventCountry "HUN"]
[SourceTitle "EXT 2021"]
[Source "ChessBase"]
[SourceDate "2020.10.23"]
[SourceVersion "1"]
[SourceVersionDate "2020.10.23"]
[SourceQuality "1"]
[WhiteTeam "Debrecen Sakkbaratok"]
[BlackTeam "Hajduszoboszlo"]
[WhiteTeamCountry "HUN"]
[BlackTeamCountry "HUN"]

1. e4 e5 2. Nf3 Nc6 3. Bb5 d6 4. d4 exd4 5. Bxc6+ bxc6 6. Qxd4 c5 7. Qd1 Nf6 8. e5 Nd7 9. exd6 cxd6 10. 0-0 Be7 11. Bf4 Nb6 12. Nbd2 Bb7 13. c4 0-0 14. Rc1 Bc6 15. b3 a5 16. a4 h6 17. Re1 Re8 18. Ne4 Bxe4 19. Rxe4 d5 20. cxd5 Qxd5 21. Qe2 Kf8 22. Re1 Qd7 23. Ne5 Qd5 24. Qb5 Nc8 25. Nd7+ Kg8 26. Nf6+ Bxf6 27. Rxe8+ Kh7 28. Qe2 Qxb3 29. Qe4+ g6 30. Qxa8 Ne7 31. h3 Qxa4 32. Be5 Qb4 33. Rh8+ Kg7 34. Qf8# 1-0

[Event "HUN-chT2 Barcza 1617"]
[Site "Hungary"]
[Date "2016.10.09"]
[Round "2.12"]
[White "Vagner, Gergo"]
[Black "Szucs, Marton Miklos"]
[Result "1-0"]
[WhiteElo "1741"]
[BlackElo "1383"]
[PlyCount "79"]
[EventDate "2016.09.25"]
[EventType "team-tourn"]
[EventRounds "11"]
[EventCountry "HUN"]
[SourceTitle "EXT 2021"]
[Source "ChessBase"]
[SourceDate "2020.10.23"]
[SourceVersion "1"]
[SourceVersionDate "2020.10.23"]
[SourceQuality "1"]
[WhiteTeam "Tiszavasvar"]
[BlackTeam "Hajduszoboszlo"]
[WhiteTeamCountry "HUN"]
[BlackTeamCountry "HUN"]

1. Nf3 Nc6 2. d4 d5 3. c4 dxc4 4. Nc3 Bf5 5. e4 Bg4 6. Bxc4 e6 7. d5 Ne5 8. Qa4+ Nd7 9. Ne5 Ngf6 10. Nxg4 Nxg4 11. dxe6 fxe6 12. Bxe6 Nge5 13. 0-0 Bd6 14. Be3 Qe7 15. Bxd7+ Nxd7 16. Nd5 Qd8 17. Bf4 0-0 18. Bxd6 cxd6 19. Qc4 Kh8 20. Qc7 Qxc7 21. Nxc7 Rac8 22. Nb5 Rc5 23. Nxd6 b6 24. Rac1 Rf6 25. Rxc5 Nxc5 26. e5 Re6 27. Rd1 Kg8 28. f4 g6 29. b4 Na4 30. Rc1 Nb2 31. Rc3 Nd1 32. Rb3 g5 33. g3 gxf4 34. gxf4 Rg6+ 35. Kf1 h5 36. Ke2 Nb2 37. Rg3 Na4 38. Kd3 b5 39. Nxb5 Nb6 40. Nxa7 1-0